Oasis Trivia - Statistics

General Stats
  • This quiz has been taken 299 times
  • The average score is 12 of 15
Answer Stats
Hint Answer % Correct
Gallagher brother that played lead guitar Noel
100%
Younger Gallagher brother name Liam
98%
You and I are gonna live... Forever
96%
And after all you're my... Wonderwall
93%
Concert on Knewborth happend when? (year) 1996
92%
When did band split up 2009
90%
Gallagher brothers are fans of which football club Manchester City
90%
I said... maybe
87%
First album name Definitely maybe
86%
Name of documentary from 2016.? Supersonic
80%
First song on second album Hello
72%
Finish name of song... I hope I think I... Know
72%
Bonehead's full name Paul Arthurs
69%
First name of the band Rain
57%
Name of the studio where second album was recorded Rockfield
25%
No matching quizzes found
Score Distribution
Percent of People with Each Score
Percentile by Number Answered
Your Score History
You have not taken this quiz